| Tag |
First Indicator |
Second Indicator |
Subfields |
| LEADER |
00000cam a2200000 i 4500 |
| 001 |
in00005773713 |
| 005 |
20260327180332.3 |
| 006 |
m o d |
| 007 |
cr cnu---unuuu |
| 008 |
240917s2024 ne ab ob 001 0 eng d |
| 040 |
|
|
|a OPELS
|b eng
|e rda
|e pn
|c OPELS
|d OCLCO
|d YDX
|d UKAHL
|d UKMGB
|d OCLCL
|d ORU
|d OCLCO
|
| 015 |
|
|
|a GBC477764
|2 bnb
|
| 016 |
7 |
|
|a 300197884
|2 Uk
|
| 020 |
|
|
|z 9780443155376
|
| 020 |
|
|
|a 9780443155383
|q ePub ebook
|
| 020 |
|
|
|a 0443155380
|
| 024 |
8 |
|
|a CIPO000085947
|
| 035 |
|
|
|a (OCoLC)1456157643
|
| 050 |
|
4 |
|a HD1691
|
| 082 |
0 |
4 |
|a 333.91
|2 23/eng/202409017
|
| 049 |
|
|
|a TXAM
|
| 245 |
0 |
0 |
|a Water matters :
|b achieving the sustainable development goals /
|c eidted by Abhijit Mukherjee.
|
| 264 |
|
1 |
|a Amsterdam, Netherlands :
|b Elsevier,
|c [2024]
|
| 300 |
|
|
|a 1 online resource (xix, 343 pages) :
|b color illustrations, maps.
|
| 336 |
|
|
|a text
|b txt
|2 rdacontent
|
| 337 |
|
|
|a computer
|b c
|2 rdamedia
|
| 338 |
|
|
|a online resource
|b cr
|2 rdacarrier
|
| 504 |
|
|
|a Includes bibliographical references and index.
|
| 520 |
|
|
|a "Water Matters: Achieving the Sustainable Development Goals presents a compilation of water scenarios and their relationship to multiple facets of life, as water forms a nexus with food security and energy resources, thereby forming one of the fundamental pillars of sustainable development. The thematic topics focus on studies of achieving individual sustainable development goals looking through the lens of water availability and usage, ranging from safe and sustainable drinking water availability to poverty alleviation, inequalities, climate change, and solutions for future. Each chapter presents holistic review of the topic and provides insight for further research, along with a case study of the specific theme. This book integrates the knowledge on global-scale water reviews to local-scale case studies, ideal for hydrologists, hydrogeologists, and water managers in earth and environmental sciences, social sciences, and economics."--
|c Provided by publisher.
|
| 588 |
0 |
|
|a Online resource; title from PDF title page (ScienceDirect, viewed September 17, 2024).
|
| 650 |
|
0 |
|a Water security.
|
| 650 |
|
0 |
|a Sustainable development.
|
| 650 |
|
0 |
|a Water resources development.
|
| 650 |
|
6 |
|a Sécurité de l'eau.
|
| 650 |
|
6 |
|a Développement durable.
|
| 650 |
|
6 |
|a Ressources en eau
|x Exploitation.
|
| 650 |
|
7 |
|a sustainable development.
|2 aat
|
| 650 |
|
7 |
|a water resources development.
|2 aat
|
| 655 |
|
7 |
|a Electronic books.
|2 local
|
| 700 |
1 |
|
|a Mukherjee, Abhijit,
|e editor.
|1 https://id.oclc.org/worldcat/entity/E39PCjKbC3CwryHJBC6kyCqcMX
|
| 710 |
2 |
|
|a ScienceDirect (Online service)
|
| 776 |
0 |
8 |
|i Print version :
|z 9780443155376
|
| 856 |
4 |
0 |
|u http://proxy.library.tamu.edu/login?url=https://www.sciencedirect.com/science/book/9780443155376
|z Connect to the full text of this electronic book
|t 0
|
| 955 |
|
|
|a Elsevier ScienceDirect 2026-2027
|
| 994 |
|
|
|a 92
|b TXA
|
| 999 |
f |
f |
|i 227e3828-5516-4daa-8077-c5345bad12fd
|s 8505b4be-403b-4d81-8438-f47afede42c1
|t 0
|
| 952 |
f |
f |
|a Texas A&M University
|b College Station
|c Electronic Resources
|s www_evans
|d Available Online
|t 0
|e HD1691
|h Library of Congress classification
|
| 998 |
f |
f |
|a HD1691
|t 0
|l Available Online
|